El Jardín de la Casa Sorolla (Record no. 2318)

MARC details
000 - LÍDER
campo de control de longitud fija 00682nam a2200193Ia 4500
008 - ELEMENTOS DE DATOS DE LONGITUD FIJA - INFORMACIÓN GENERAL
campo de control de longitud fija 000000[1983?] sp a 0000000000spa00
090 ## - NÚMERO DE LLAMADA DE TIPO LC LOCALMENTE ASIGNADO (OCLC)
Número de clasificación (OCLC) (R) PSP00 S67j
100 1# - ENTRADA PRINCIPAL - NOMBRE PERSONAL
Nombre de la persona Sorolla, Joaquín
Fechas asociadas a un nombre 18631923
245 13 - TÍTULO DECLARACIÓN
Título El Jardín de la Casa Sorolla
Resto del título : en la pintura de Sorolla
260 ## - PUBLICACIÓN, DISTRIBUCIÓN
Lugar de publicación Madrid : Ministerio de Cultura
Fecha de publicación 1983
300 ## - DESCRIPCIÓN FÍSICA
Alcance [24] p.
Dimensiones / 28 cm.
500 ## - NOTA GENERAL
Nota general Con el patronazgo del maestro venezolano Jesús Rafael Soto (q.e.p.d.)
600 00 - ENTRADA DE SUJETO AÑADIDO - NOMBRE PERSONAL
Nombre de la persona SOROLLA, JOAQUIN, 18631923/
Subdivisión general TRABAJOS PICTORICOS
650 14 - ENTRADA DE SUJETO AÑADIDO - TÉRMINO TÓPICO
Término tópico o elemento de entrada del nombre geográfico ARTE MODERNO ESPAÑOL
650 14 - ENTRADA DE SUJETO AÑADIDO - TÉRMINO TÓPICO
Subdivisión general CATALOGOS
650 14 - ENTRADA DE SUJETO AÑADIDO - TÉRMINO TÓPICO
Término tópico o elemento de entrada del nombre geográfico JARDINES EN EL ARTE
650 14 - ENTRADA DE SUJETO AÑADIDO - TÉRMINO TÓPICO
Término tópico o elemento de entrada del nombre geográfico PINTORES ESPAÑOLES
650 14 - ENTRADA DE SUJETO AÑADIDO - TÉRMINO TÓPICO
Término tópico o elemento de entrada del nombre geográfico PINTURA ESPAÑOLA
Holdings
Estado de retirada Pérdida de estatus Estado dañado No para préstamo Código de recogida Ubicación permanente Ubicación actual Ubicación de las estanterías Fecha de adquisición Número de llamada completo Código de barras Fecha de la última vez que se vio Número de copia Precio efectivo desde Tipo de artículo Koha
        General ArtNexus ArtNexus General 06/09/2022 P-SP-00 S67J 2319 06/09/2022 Ej.1 06/09/2022 Libro

Powered by Koha